Closest Non-Remote Capital City to each Remote Capital City - Statistics

General Stats
  • This quiz has been taken 28 times
  • The average score is 10 of 21
Answer Stats
REMOTE CAPITAL D (km) CLOSEST NON-REMOTE CAPITAL % Correct
Brasilia 1,460 Asuncion
73%
Tokyo 1,155 Seoul
73%
Bandar Seri Begawan 1,297 Singapore
73%
Santiago 1,139 Buenos Aires
68%
Reykjavik 1,497 Dublin
68%
Mexico City 1,058 Guatemala City
68%
Manila 1,754 Hanoi
68%
Lima 1,316 Quito
68%
Taipei 1,480 Seoul
64%
Sucre 1,048 Asuncion
59%
Ulaanbaatar 1,170 Beijing
59%
Dili 2,083 Jakarta
59%
Funafuti 1,067 Suva
41%
Honiara 1,249 Yaren
32%
Victoria 1,343 Mogadishu
27%
Canberra 3,459 Suva
27%
Port-Vila 1,072 Suva
27%
Wellington 2,425 Nuku'alofa
23%
Port Moresby 2,398 Yaren
23%
Palikir 1,277 Yaren
18%
Melekeok 3,290 Phnom Penh
14%
No matching quizzes found
Score Distribution
Percent of People with Each Score
Percentile by Number Answered
Your Score History
You have not taken this quiz